Arithmetic mathematics : (Record no. 180328)
[ view plain ]
| 000 -LEADER | |
|---|---|
| fixed length control field | 00980 a2200217 4500 |
| 003 - CONTROL NUMBER IDENTIFIER | |
| control field | NUST |
| 005 - DATE AND TIME OF LATEST TRANSACTION | |
| control field | 20221116132805.0 |
| 010 ## - LIBRARY OF CONGRESS CONTROL NUMBER | |
| LC control number | 73003891 |
| 020 ## - INTERNATIONAL STANDARD BOOK NUMBER | |
| International Standard Book Number | 0023608803 |
| 040 ## - CATALOGING SOURCE | |
| Transcribing agency | Nust |
| 082 00 - DEWEY DECIMAL CLASSIFICATION NUMBER | |
| Classification number | 513.1,JOH |
| 100 1# - MAIN ENTRY--PERSONAL NAME | |
| Personal name | Johnson, Robert L. |
| 9 (RLIN) | 102701 |
| 245 10 - TITLE STATEMENT | |
| Title | Arithmetic mathematics : |
| Remainder of title | a text for elementary school teachers / |
| Statement of responsibility, etc. | Robert L. Johnson , Charles R. McNerney. |
| 260 ## - PUBLICATION, DISTRIBUTION, ETC. | |
| Place of publication, distribution, etc. | New York, |
| Name of publisher, distributor, etc. | Macmillan |
| Date of publication, distribution, etc. | [1974] |
| 300 ## - PHYSICAL DESCRIPTION | |
| Extent | xiv, 476 p.: |
| Other physical details | illus. |
| Dimensions | 24 cm. |
| 505 ## - FORMATTED CONTENTS NOTE | |
| Formatted contents note | ) Mathematical Language (Page-1), Mathematical Thinking (Page-61), Number and Numeration (Page-93), The Systems of Whole Number (Page-129), The Integers (Page-169), Number theory (Page-213), The Set Of Rational number (Page-263), Real and Complex (Page-315), Probability and Statistics (Page-347), Geometry(Page-367). |
| 650 #0 - SUBJECT ADDED ENTRY--TOPICAL TERM | |
| Topical term or geographic name entry element | Arithmetic |
| General subdivision | Study and teaching (Elementary) |
| 9 (RLIN) | 102702 |
| 650 #0 - SUBJECT ADDED ENTRY--TOPICAL TERM | |
| Topical term or geographic name entry element | Arithmetic. |
| 9 (RLIN) | 39162 |
| 700 1# - ADDED ENTRY--PERSONAL NAME | |
| Personal name | McNerney, Charles R., |
| 9 (RLIN) | 102703 |
| 942 ## - ADDED ENTRY ELEMENTS (KOHA) | |
| Source of classification or shelving scheme | |
| Koha item type | Book |
| Call number prefix | 513.1,JOH |
| Withdrawn status | Lost status | Source of classification or shelving scheme | Damaged status | Not for loan | Permanent Location | Current Location | Shelving location | Date acquired | Full call number | Barcode | Date last seen | Price effective from | Koha item type | Public note |
|---|---|---|---|---|---|---|---|---|---|---|---|---|---|---|
| Military College of Signals (MCS) | Military College of Signals (MCS) | General Stacks | 12/12/2016 | 513.1.JOH | MCS21266 | 12/08/2016 | 12/12/2016 | Book | Almirah No.11, Shelf No.5 |
